The first call for freedom: (Record no. 209497)

MARC details
000 -LEADER
fixed length control field 00905nam a22002297a 4500
005 - DATE AND TIME OF LATEST TRANSACTION
control field 20250904115224.0
010 ## - LCCN (DPL NO)
LC control number B-770171-179 BACEN25 ENG-146730
020 ## - INTERNATIONAL STANDARD BOOK NUMBER
International Standard Book Number 9788126936137
Terms of availability 1695.00
035 ## - SYSTEM CONTROL NUMBER
System control number B-770171-179
035 ## - SYSTEM CONTROL NUMBER
System control number EN-130262
037 ## - SOURCE OF ACQUISITION
Source of stock number/acquisition Atlantic
037 ## - SOURCE OF ACQUISITION
Source of stock number/acquisition DBAD
Stock number DPL
082 ## - DEWEY DECIMAL CLASSIFICATION NUMBER
Classification number 954.1
100 ## - MAIN ENTRY--PERSONAL NAME
Personal name Bisaria,Rakesh kumar
245 ## - TITLE STATEMENT
Title The first call for freedom:
Remainder of title unravelling 1857 in lucknow/
Statement of responsibility, etc by Rakesh kumar bisaria ,sunil saxena
260 ## - PUBLICATION, DISTRIBUTION, ETC. (IMPRINT)
Place of publication, distribution, etc New Delhi
Name of publisher, distributor, etc Wiley India pvt.Ltd.
Date of publication, distribution, etc 2023
270 ## - ADDRESS
Address 4436/7, Ansari road,Daryaganj,
City New Delhi
Postal code 110002
300 ## - PHYSICAL DESCRIPTION
Extent 302p.:
Other physical details ill.
Dimensions 27cm (pbk)
700 ## - ADDED ENTRY--PERSONAL NAME
Personal name saxena, sunil
9 (RLIN) 78104
942 ## - ADDED ENTRY ELEMENTS (KOHA)
Source of classification or shelving scheme Dewey Decimal Classification
Item type English Books
Call number suffix BIS
Classification part 954.51
Holdings
Withdrawn status Lost status Not for loan Collection code Home library Current library Date acquired Source of acquisition Cost, normal purchase price Full call number Barcode Copy number Cost, replacement price Koha item type
      Non-fiction Ashok Vihar Ashok Vihar 29/04/2025 Atlantic publishers/CUST103131/19.3.25/7/15.3.25/26.3.25 1695.00 BIS 954.51 B-770172 1 1695.00 English Books
      Non-fiction Bawana Bawana 29/04/2025 Atlantic publishers/CUST103131/19.3.25/7/15.3.25/26.3.25 1695.00 BIS 954.51 B-770178 1 1695.00 English Books
      Non-fiction Central Library Central Library 29/04/2025 Atlantic publishers/CUST103131/19.3.25/7/15.3.25/26.3.25 1695.00 BIS 954.51 B-770171 1 1695.00 English Books
      Non-fiction Janak Puri Janak Puri 29/04/2025 Atlantic publishers/CUST103131/19.3.25/7/15.3.25/26.3.25 1695.00 BIS 954.51 B-770174 1 1695.00 English Books
      Non-fiction Mobile Library Mobile Library 04/09/2025 Delivery of Books Act Division 1695.00 BIS 954.51 EN-130262 1 1695.00 English Books
      Non-fiction Narela Narela 29/04/2025 Atlantic publishers/CUST103131/19.3.25/7/15.3.25/26.3.25 1695.00 BIS 954.51 B-770177 1 1695.00 English Books
      Non-fiction Patel Nagar Patel Nagar 29/04/2025 Atlantic publishers/CUST103131/19.3.25/7/15.3.25/26.3.25 1695.00 BIS 954.51 B-770173 1 1695.00 English Books
      Non-fiction Sarojini Nagar Sarojini Nagar 29/04/2025 Atlantic publishers/CUST103131/19.3.25/7/15.3.25/26.3.25 1695.00 BIS 954.51 B-770175 1 1695.00 English Books
      Non-fiction Shahdara Branch Shahdara Branch 29/04/2025 Atlantic publishers/CUST103131/19.3.25/7/15.3.25/26.3.25 1695.00 BIS 954.51 B-770179 1 1695.00 English Books
      Non-fiction Vinoba Puri Vinoba Puri 29/04/2025 Atlantic publishers/CUST103131/19.3.25/7/15.3.25/26.3.25 1695.00 BIS 954.51 B-770176 1 1695.00 English Books

© Delhi Public Library
Hit Counter
free hit counter